00694nam a2200217 i 4500001001100000003000500011005001700016008004100033040002500074245002000099264004600119336002100165337002500186338002300211700001100234700002900245700003200274942001300306999001900319952013800338C2-0312684PPAK20180729001249.0111017s2006 my |||| ||||| | eng d aPPAKbengcPPAKerda10aDie anathor day 1a[Kuala Lumpur] : bMovie Magic , c(2006) 2rdacontentatext 2rdamediaaunmediated 2rdacarrieravolume eauthor1 aTamahori, Lee, ecompile1 aWagner, Christian, eeditor 2ddccVCD c166676d166676 00102ddc4070aPPAKbPPAKcGd2007-04-29eNAZREg14.90i2006l0o791.43 DIEpA00801516r2018-07-05 00:00:00v14.90w2018-07-05yVCD